Statistics for Srpski sportisti

Click here to take the quiz!

General Stats

  • This quiz has been taken 137 times
  • The average score is 4 of 10

Answer Stats

Odgovori% Correct
Novak Djokovic
96%
Nikola Jokic
73%
Bogdan Bogdanovic
48%
Vlade Divac
34%
Milos Teodosic
33%
Ivana Spanovic
30%
Viktor Troicki
27%
Janko Tipsarevic
21%
Boban Marjanovic
18%
Nikola Radjen
0%

Score Distribution

Percentile by Number Answered

Percent of People with Each Score

Your Score History

You have not taken this quiz